[Event "Warsaw YMCA Summer-C 204th"]
[Site "Warsaw"]
[Date "2018.08.07"]
[Round "9"]
[White "Majek, Waldemar"]
[Black "Sloniewski, Krzysztof"]
[Result "1-0"]
[WhiteElo "1123"]
[BlackElo "1117"]
[PlyCount "47"]
[EventDate "2018.07.03"]
[EventType "tourn"]
[EventRounds "10"]
[EventCountry "POL"]
[SourceTitle "EXT 2021"]
[Source "ChessBase"]
[SourceDate "2020.10.23"]
[SourceVersion "1"]
[SourceVersionDate "2020.10.23"]
[SourceQuality "1"]

1. d4 d5 2. Bf4 e6 3. e3 c5 4. Nf3 Nc6 5. Bb5 Bd7 6. c3 Be7 7. Nbd2 Nf6 8. h3 0-0 9. Bd3 c4 10. Bc2 h6 11. Ne5 Be8 12. g4 Nh7 13. Ndf3 f6 14. Ng6 Rf7 15. h4 b5 16. g5 fxg5 17. Nxe7+ Qxe7 18. hxg5 Nxg5 19. Nxg5 hxg5 20. Qh5 Rxf4 21. Qh7+ Kf7 22. Qg6+ Kg8 23. Rh8+ Kxh8 24. Qh7# 1-0

[Event "Warsaw YMCA Winter-D 182nd"]
[Site "Warsaw"]
[Date "2017.03.07"]
[Round "11"]
[White "Markiewicz, Janusz"]
[Black "Majek, Waldemar"]
[Result "1-0"]
[WhiteElo "1259"]
[BlackElo "1194"]
[PlyCount "119"]
[EventDate "2017.01.10"]
[EventType "tourn"]
[EventRounds "13"]
[EventCountry "POL"]
[SourceTitle "EXT 2019"]
[Source "ChessBase"]
[SourceDate "2018.10.10"]
[SourceVersion "1"]
[SourceVersionDate "2018.10.10"]
[SourceQuality "1"]

1. e4 c5 2. b4 cxb4 3. d4 e6 4. Nf3 d5 5. Qe2 Nf6 6. Bg5 Be7 7. Bxf6 Bxf6 8. e5 Be7 9. Qb5+ Nc6 10. Be2 a6 11. Qd3 Bd7 12. 0-0 0-0 13. Nbd2 f6 14. Nb3 f5 15. Rfc1 Na5 16. Nc5 Bxc5 17. dxc5 Bb5 18. Qd2 Bxe2 19. Qxe2 Nc4 20. Nd4 Re8 21. c3 bxc3 22. Rxc3 Qa5 23. Rac1 Qxc5 24. Nb3 Qc7 25. f4 b5 26. Rh3 Qa7+ 27. Kh1 Qf7 28. Rcc3 Rac8 29. Qf2 Qe7 30. Rh4 h6 31. Rch3 Na5 32. g4 Nxb3 33. axb3 Rc1+ 34. Kg2 Rec8 35. Qd4 Qc5 36. Qxc5 R8xc5 37. gxf5 R5c2+ 38. Kf3 exf5 39. Ke3 Rc3+ 40. Kd2 Rxh3 41. Rxh3 Rf1 42. Ke3 a5 43. Rh5 d4+ 44. Kxd4 Rxf4+ 45. Kc5 a4 46. bxa4 bxa4 47. Rh3 Kf7 48. Kd5 Ke7 49. Rc3 g5 50. Rc7+ Kd8 51. Ra7 Kc8 52. e6 Re4 53. e7 Kb8 54. Rd7 Re2 55. Rd8+ Kc7 56. e8Q Rd2+ 57. Kc5 Rxd8 58. Qxa4 Rc8 59. Qa7+ Kd8+ 60. Kd6 1-0

[Event "Warsaw YMCA Winter-D 182nd"]
[Site "Warsaw"]
[Date "2017.02.01"]
[Round "8"]
[White "Majek, Waldemar"]
[Black "Szopa, Andrzej"]
[Result "0-1"]
[WhiteElo "1194"]
[BlackElo "1168"]
[PlyCount "60"]
[EventDate "2017.01.10"]
[EventType "tourn"]
[EventRounds "13"]
[EventCountry "POL"]
[SourceTitle "EXT 2019"]
[Source "ChessBase"]
[SourceDate "2018.10.10"]
[SourceVersion "1"]
[SourceVersionDate "2018.10.10"]
[SourceQuality "1"]

1. e4 e5 2. Nf3 Nc6 3. Bc4 Bc5 4. c3 Nf6 5. d3 h6 6. 0-0 0-0 7. Re1 a6 8. d4 exd4 9. e5 Nh7 10. cxd4 Bb4 11. Nc3 Bxc3 12. bxc3 d5 13. exd6 Qxd6 14. h3 Bf5 15. a4 Rfe8 16. Ba3 Qd7 17. Bb3 Rxe1+ 18. Qxe1 Re8 19. Qc1 Bxh3 20. gxh3 Qxh3 21. Qf4 Nf6 22. Qg3 Qf5 23. Nh4 Qd7 24. Bc2 Ne4 25. Qd3 Qg4+ 26. Ng2 Ng5 27. Kf1 Qh5 28. Ne3 g6 29. Kg2 Qh3+ 30. Kg1 Nf3# 0-1

[Event "Warsaw YMCA Autumn-E 178th"]
[Site "Warsaw"]
[Date "2016.10.03"]
[Round "3"]
[White "Majek, Waldemar"]
[Black "Markiewicz, Janusz"]
[Result "1-0"]
[WhiteElo "1163"]
[BlackElo "1227"]
[PlyCount "93"]
[EventDate "2016.09.19"]
[EventType "tourn"]
[EventRounds "13"]
[EventCountry "POL"]
[SourceTitle "EXT 2019"]
[Source "ChessBase"]
[SourceDate "2018.10.10"]
[SourceVersion "1"]
[SourceVersionDate "2018.10.10"]
[SourceQuality "1"]

1. d4 f5 2. c4 Nf6 3. g3 e6 4. Bg2 c6 5. Nc3 Bb4 6. Bd2 Bxc3 7. Bxc3 Ne4 8. Qc2 Nxc3 9. Qxc3 d5 10. Nf3 0-0 11. 0-0 Nd7 12. b3 Nf6 13. Rad1 Ne4 14. Qc1 Qa5 15. Rd3 Qxa2 16. Re1 Qa5 17. Ne5 c5 18. Bxe4 dxe4 19. Rdd1 cxd4 20. f4 Qb6 21. Qa3 d3+ 22. c5 Qd8 23. exd3 Qd4+ 24. Kg2 e3 25. Nf3 Qd5 26. Rxe3 Bd7 27. Re5 Qc6 28. Kf2 b5 29. Nd4 Qb7 30. b4 Rf6 31. Rc1 Rc8 32. Qb3 Rh6 33. h4 Kf8 34. c6 Qb6 35. Rcc5 Rxc6 36. Nxc6 Bxc6 37. Rxe6 Bd5 38. Rxb6 Bxb3 39. Rxh6 gxh6 40. Rxb5 Be6 41. Rb7 h5 42. Rxa7 Ke8 43. Rxh7 Bf7 44. Ke3 Kf8 45. Kd4 Ke8 46. Rxf7 Kxf7 47. Ke5 1-0

[Event "Warsaw YMCA Spring-E 171th"]
[Site "Warsaw"]
[Date "2016.06.13"]
[Round "11"]
[White "Markiewicz, Janusz"]
[Black "Majek, Waldemar"]
[Result "0-1"]
[WhiteElo "1303"]
[BlackElo "1069"]
[PlyCount "104"]
[EventDate "2016.04.04"]
[EventType "tourn"]
[EventRounds "13"]
[EventCountry "POL"]
[SourceTitle "EXT 2019"]
[Source "ChessBase"]
[SourceDate "2018.10.10"]
[SourceVersion "1"]
[SourceVersionDate "2018.10.10"]
[SourceQuality "1"]

1. e4 c5 2. b4 cxb4 3. d4 e6 4. Nf3 d5 5. Bd3 Nf6 6. exd5 exd5 7. Qe2+ Be7 8. 0-0 0-0 9. Ne5 Nc6 10. Bb2 Re8 11. Bb5 Qc7 12. c4 bxc3 13. Nxc3 Nxd4 14. Qd3 Nxb5 15. Nxb5 Qb6 16. Rab1 Bd6 17. Nf3 Be7 18. Rfc1 Bd8 19. Bd4 Qa6 20. Qb3 Bf5 21. Ra1 Be4 22. Ne5 Qe6 23. f3 Bg6 24. Nc7 Bxc7 25. Rxc7 b6 26. Rc6 Qf5 27. g4 Qf4 28. Qc3 Re7 29. Nxg6 fxg6 30. Rd1 Nxg4 31. fxg4 Qxg4+ 32. Kh1 Qxd1+ 33. Bg1 Rf8 34. Rc8 Rxc8 35. Qxc8+ Kf7 36. Qh3 a5 37. Qg3 Qa4 38. Qf3+ Ke6 39. Qh3+ Kd6 40. Qg3+ Re5 41. h4 Qe4+ 42. Kh2 Ke6 43. Bxb6 Qe2+ 44. Bf2 Qxa2 45. Kh3 Qe2 46. Kg2 Qe4+ 47. Kh2 Rf5 48. Qh3 Kf6 49. Kg1 Qb1+ 50. Kg2 Qc2 51. Qg3 Qxf2+ 52. Qxf2 Rxf2+ 0-1

[Event "Warsaw YMCA Spring-E 171th"]
[Site "Warsaw"]
[Date "2016.05.29"]
[Round "9"]
[White "Flig, Wojciech"]
[Black "Majek, Waldemar"]
[Result "1-0"]
[WhiteElo "1520"]
[BlackElo "1069"]
[PlyCount "31"]
[EventDate "2016.04.04"]
[EventType "tourn"]
[EventRounds "13"]
[EventCountry "POL"]
[SourceTitle "EXT 2019"]
[Source "ChessBase"]
[SourceDate "2018.10.10"]
[SourceVersion "1"]
[SourceVersionDate "2018.10.10"]
[SourceQuality "1"]

1. e4 e5 2. Bc4 Nf6 3. d4 exd4 4. Nf3 Be7 5. Nxd4 0-0 6. Nc3 Nc6 7. 0-0 a6 8. Nf5 Bc5 9. Re1 Ne5 10. Bd5 c6 11. Bb3 Qc7 12. Be3 Bxe3 13. Rxe3 Neg4 14. Rg3 Qf4 15. f3 Qe3+ 16. Nxe3 1-0

[Event "Warsaw YMCA Spring-E 171th"]
[Site "Warsaw"]
[Date "2016.05.20"]
[Round "7"]
[White "Rejniak, Wojciech"]
[Black "Majek, Waldemar"]
[Result "0-1"]
[WhiteElo "1172"]
[BlackElo "1069"]
[PlyCount "73"]
[EventDate "2016.04.04"]
[EventType "tourn"]
[EventRounds "13"]
[EventCountry "POL"]
[SourceTitle "EXT 2019"]
[Source "ChessBase"]
[SourceDate "2018.10.10"]
[SourceVersion "1"]
[SourceVersionDate "2018.10.10"]
[SourceQuality "1"]

1. Nf3 f5 2. g3 b6 3. Bg2 Bb7 4. 0-0 Nf6 5. d4 e6 6. c4 d6 7. Nc3 Be7 8. b3 0-0 9. Bb2 Ne4 10. d5 Nxc3 11. Bxc3 e5 12. e3 Nd7 13. Nd2 Nf6 14. f4 Ng4 15. Qe2 e4 16. Nxe4 Bc8 17. Nf2 Nf6 18. e4 g6 19. e5 Ne8 20. Nd3 Ng7 21. Nb4 Bb7 22. Rfe1 Re8 23. Qb2 Nh5 24. Bf3 Rf8 25. Bxh5 gxh5 26. Qe2 Qe8 27. exd6 Bxd6 28. Qd2 Qg6 29. Re6 Qg4 30. Qd4 Bc5 31. Rae1 Rad8 32. Re7 Rf7 33. Re8+ Rxe8 34. Rxe8+ Rf8 35. Qxc5 bxc5 36. Re7 cxb4 37. Bd4 0-1

[Event "Warsaw YMCA Spring-E 171th"]
[Site "Warsaw"]
[Date "2016.04.22"]
[Round "3"]
[White "Majek, Waldemar"]
[Black "Moscicki, Slawomir"]
[Result "0-1"]
[WhiteElo "1069"]
[BlackElo "1284"]
[PlyCount "104"]
[EventDate "2016.04.04"]
[EventType "tourn"]
[EventRounds "13"]
[EventCountry "POL"]
[SourceTitle "EXT 2019"]
[Source "ChessBase"]
[SourceDate "2018.10.10"]
[SourceVersion "1"]
[SourceVersionDate "2018.10.10"]
[SourceQuality "1"]

1. c4 e5 2. Nc3 Bb4 3. Nf3 Nc6 4. g3 Nf6 5. Bg2 0-0 6. 0-0 Bxc3 7. bxc3 d6 8. d4 Re8 9. Qc2 h6 10. h3 e4 11. Nd2 Bf5 12. e3 Qc8 13. g4 Bg6 14. Qd1 Nd8 15. d5 c6 16. f3 cxd5 17. Qe2 exf3 18. Bxf3 Ne4 19. Nxe4 dxe4 20. Bg2 Nc6 21. Ba3 Qc7 22. Rad1 Rad8 23. Rf4 a6 24. Rd5 Ne7 25. Rd4 d5 26. Bxe7 Rxe7 27. cxd5 Qxc3 28. Bxe4 Bxe4 29. Rfxe4 Rxe4 30. Rxe4 Rxd5 31. Re8+ Kh7 32. Qf3 Qc1+ 33. Kf2 Rd2+ 34. Kg3 Qe1+ 35. Kf4 Rf2 36. Ke4 Rxf3 37. Kxf3 Qf1+ 38. Kg3 Qe2 39. Re7 b5 40. Rxf7 Qxa2 41. Rf4 a5 42. e4 b4 43. e5 Qe2 44. Rf5 Qe3+ 45. Kg2 b3 46. e6 Qxe6 47. Rxa5 b2 48. Kg3 b1Q 49. Rf5 Qbe1+ 50. Rf2 Q6e3+ 51. Kh4 Q1xf2+ 52. Kh5 g6# 0-1